Culture Générale - Série 181 - Statistiques

Statistiques générales
  • Ce quiz a été pris 347 fois
  • Le résultat moyen est 7 sur 10
Statistiques - réponses
Question Réponse % Correct
De combien de présidents Jacques Chirac a-t-il été le Premier ministre ? 2
98%
A quel instrument de musique le dieu Pan a-t-il laissé son nom ? Flûte
96%
Quelles sont les deux lettres par lesquelles l'hélium est symbolisé ? He
96%
Quel membre de sa famille Michael veut-il sauver dans "Prison Break" ? Son frère
84%
Complétez ce proverbe "Qui veut voyager loin, ménage sa ... " ? Monture
82%
Au poker, quelle combinaison comporte 4 cartes de même valeur ? Un carré
80%
Quel commerce tient Ordralfabétix dans le village d'Astérix ? Poissonnerie
67%
Qui dirigea le gouvernement de "Front populaire" de mai 1936 à juin 1937 ? Léon Blum
62%
Selon une chanson de Brassens quel roi a-t-on peu de chances de détrôner ? Le roi des cons
49%
Quelles pièces du Vatican donnent leur nom à un roman d'André Gide ? Les caves
26%
Aucun quiz correspondant
Distribution des résultats
% des personnes avec chaque résultat
Percentile par nombre de réponses
Votre historique - résultats
Vous n’avez pas pris ce quiz